Introduction to Mechanical Engineering and Civil Engineering Part 1: Mechanical Engineering_Group C (Record no. 38180)

MARC details
000 -LEADER
fixed length control field 00706nam a22001937a 4500
082 ## - DEWEY DECIMAL CLASSIFICATION NUMBER
Classification number 621 FAI
100 ## - MAIN ENTRY--AUTHOR NAME
Personal name Faisal M H
100 ## - MAIN ENTRY--AUTHOR NAME
Personal name Jeevan Ealias
100 ## - MAIN ENTRY--AUTHOR NAME
Personal name Rafeek Sidhic
245 ## - TITLE STATEMENT
Title Introduction to Mechanical Engineering and Civil Engineering Part 1: Mechanical Engineering_Group C
250 ## - EDITION STATEMENT
Edition statement 1
260 ## - PUBLICATION, DISTRIBUTION, ETC. (IMPRINT)
Name of publisher Ilahia Publishers
Place of publication Muvattupuzha
Year of publication 2024
300 ## - PHYSICAL DESCRIPTION
Number of Pages 144 pages
Other physical details Item Weight ‏ : ‎ 300 g Dimensions ‏ : ‎ 21.5 x 14 x 0.9 cm
520 ## - SUMMARY, ETC.
Summary, etc Introduction to Mechanical Engineering and Civil Engineering (Mechanical Engineering) (KTU - 2024 Revised Syllabus)
546 ## - LANGUAGE NOTE
Language note Language : English
650 ## - SUBJECT ADDED ENTRY--TOPICAL TERM
Topical Term ME
942 ## - ADDED ENTRY ELEMENTS (KOHA)
Koha item type Text Book
952 ## - LOCATION AND ITEM INFORMATION (KOHA)
Damaged status
Not for loan
952 ## - LOCATION AND ITEM INFORMATION (KOHA)
Damaged status
Not for loan
952 ## - LOCATION AND ITEM INFORMATION (KOHA)
Damaged status
Not for loan
952 ## - LOCATION AND ITEM INFORMATION (KOHA)
Damaged status
Not for loan
952 ## - LOCATION AND ITEM INFORMATION (KOHA)
Damaged status
Not for loan
Holdings
Withdrawn status Collection code Permanent Location Current Location Shelving location Date acquired Source of acquisition Cost, normal purchase price Inventory number Full call number Accession Number Price effective from Koha item type
  Mechanical Engineering VAST Central Library VAST Central Library S-103/ME 10/01/2026 Cosmo Books 145.00 K797 621 FAI 38366 03/02/2026 Text Book
  Mechanical Engineering VAST Central Library VAST Central Library S-103/ME 10/01/2026 Cosmo Books 145.00 K797 621 FAI 38367 03/02/2026 Text Book
  Mechanical Engineering VAST Central Library VAST Central Library S-103/ME 10/01/2026 Cosmo Books 145.00 K797 621 FAI 38368 03/02/2026 Text Book
  Mechanical Engineering VAST Central Library VAST Central Library S-103/ME 10/01/2026 Cosmo Books 145.00 K797 621 FAI 38369 03/02/2026 Text Book
  Mechanical Engineering VAST Central Library VAST Central Library S-103/ME 10/01/2026 Cosmo Books 145.00 K797 621 FAI 38370 03/02/2026 Text Book